00000000nam 2200000zi 4500
0019.919239
003CaOODSP
00520230921134423
006m     o  d f      
007cr |||||||||||
008230118t20232023oncd    o    f00| 0 fre d
020 |a9780660471457
040 |aCaOODSP|bfre|erda|cCaOODSP
043 |an-cn---
0861 |aCR22-124/2023F-PDF
24500|aComité consultatif de lutte contre le racisme à l'endroit des personnes noires dans les programmes de recherche et de formation en recherche : |brapport final et recommandations.
264 1|a[Ottawa] : |bConseil de recherches en sciences humaines du Canada = Social Sciences and Humanities Research Council of Canada, |c2023.
264 4|c©2023
300 |a1 ressource en ligne (28 pages) : |bgrapgiques
336 |atexte|btxt|2rdacontent/fre
337 |ainformatique|bc|2rdamedia/fre
338 |aressource en ligne|bcr|2rdacarrier/fre
500 |aPublié aussi en anglais sous le titre : Advisory Committee to Address Anti-Black Racism in Research and Research Training: final report and recommendations.
61026|aConseil de recherches en sciences humaines du Canada|xGestion.
650 0|aRacisme à l'égard des personnes noires|xRecherche|zCanada.
7102 |aConseil de recherches en sciences humaines du Canada, |eorganisme de publication.
77508|tAdvisory Committee to Address Anti-Black Racism in Research and Research Training : |w(CaOODSP)9.919238
85640|qPDF|s921 Ko|uhttps://publications.gc.ca/collections/collection_2023/crsh-sshrc/CR22-124-2023-fra.pdf
8564 |qHTML|sS.O.|uhttps://www.sshrc-crsh.gc.ca/about-au_sujet/governance-gouvernance/committees-comites/racism-racisme/reports-rapports/2023/abr_report-rapport_rpn-fra.aspx